000 00636cam a22002411 4500
001 agr44000193
003 DLC
005 20260227111002.0
008 770914s1944 xx 000 0 eng
010 _aagr44000193
035 _a(OCoLC)3264457
040 _aDLC
_cOC
_dDLC
042 _apremarc
050 0 0 _aSF487
_b.K5614
082 _a636.5
110 2 _aKerr chickeries, Inc.
245 0 0 _aKerr poultry manual.
260 _aFrenchtown, N.J.,
_bKerr chickeries, inc.,
_cc1944.
300 _a127 p.
_billus. (incl. plans)
_c22 cm.
500 _aBy A. C. Schlott. cf. p.3.
650 0 _aPoultry.
700 1 _aSchlott, A. C.
999 _c10317
_d10317